|
|
|
|
| LEADER |
00000nam0a2200000 4500 |
| 001 |
296753 |
| 005 |
20250624153312.0 |
| 010 |
|
|
|a 9785991658225
|
| 035 |
|
|
|a (RuTPU)RU\TPU\book\321861
|
| 035 |
|
|
|a RU\TPU\book\255016
|
| 090 |
|
|
|a 296753
|
| 100 |
|
|
|a 20130314d2015 m y0rusy50 ca
|
| 101 |
0 |
|
|a rus
|
| 102 |
|
|
|a RU
|
| 105 |
|
|
|a y j 001zy
|
| 200 |
1 |
|
|a История России для технических вузов
|e учебник для прикладного бакалавриата
|f Российская академия народного хозяйства и государственной службы при Президенте Российской Федерации ; под ред. М. Н. Зуева, А. А. Чернобаева
|
| 205 |
|
|
|a 4-е изд., перераб. и доп.
|
| 210 |
|
|
|a Москва
|c Юрайт
|d 2015
|
| 215 |
|
|
|a 531 с.
|
| 225 |
1 |
|
|a Бакалавр. Прикладной курс
|
| 320 |
|
|
|a Библиогр.: с. 526-531.
|
| 330 |
|
|
|a В учебнике с учетом современного уровня развития исторической науки в сжатой форме излагаются основные события и проблемы истории России с древнейших времен до наших дней.Материал учебника соответствует актуальным требованиям Федерального государственного образовательного стандарта высшего образования и программам преподавания курса «История России» для инженерно-технических и естественнонаучных специальностей высшего профессионального образования.Для студентов и преподавателей технических вузов, а также всех интересующихся отечественной историей.
|
| 606 |
|
|
|a Россия
|x История
|7 ca
|8 rus
|2 stltpush
|3 (RuTPU)RU\TPU\subj\64777
|9 81526
|
| 610 |
1 |
|
|a Древнерусское государство
|
| 610 |
1 |
|
|a удельные княжества
|
| 610 |
1 |
|
|a Московское государство
|
| 610 |
1 |
|
|a Российская империя
|
| 610 |
1 |
|
|a реформы
|
| 610 |
1 |
|
|a войны
|
| 610 |
1 |
|
|a революции
|
| 610 |
1 |
|
|a политика
|
| 610 |
1 |
|
|a культура
|
| 610 |
1 |
|
|a Советская Россия
|
| 610 |
1 |
|
|a СССР
|
| 610 |
1 |
|
|a Великая Отечественная война 1941-1945
|
| 610 |
1 |
|
|a Российская Федерация
|
| 610 |
1 |
|
|a учебники
|
| 686 |
|
|
|a Т3(2)я73
|v LBC/SL-A
|2 rubbk
|
| 702 |
|
1 |
|a Зуев
|b М. Н.
|g Михаил Николаевич
|4 340
|
| 702 |
|
1 |
|a Чернобаев
|b А. А.
|g Анатолий Александрович
|4 340
|
| 712 |
0 |
2 |
|a Российская академия народного хозяйства и государственной службы при Президенте Российской Федерации
|c (Москва)
|c (2010- )
|2 stltpush
|3 (RuTPU)RU\TPU\col\18173
|9 26920
|
| 801 |
|
1 |
|a RU
|b 63413507
|c 20150602
|
| 801 |
|
2 |
|a RU
|b 63413507
|c 20151002
|g RCR
|
| 900 |
|
|
|a История России
|
| 900 |
|
|
|a Отечественная история
|
| 942 |
|
|
|c BK
|
| 951 |
|
|
|l 8.1
|
| 959 |
|
|
|a 80/20150602
|d 5
|e 899,00
|f ЧЗГЛ:1
|f УФ:4
|